Birthplaces of Roman and Byzantine Emperors - Statistics

General Stats
  • This quiz has been taken 742 times
  • The average score is 13 of 16
Answer Stats
Number Country % Correct
25 Italy
100%
4 Greece
98%
54 Turkey
98%
5 France
97%
4 Spain
97%
3 Croatia
86%
2 Syria
86%
13 Serbia
84%
2 Bulgaria
81%
1 Tunisia
80%
1 Libya
75%
1 Algeria
74%
1 Germany
74%
1 Albania
72%
1 Lebanon
64%
2 North Macedonia
64%
No matching quizzes found
Score Distribution
Percent of People with Each Score
Percentile by Number Answered
Your Score History
You have not taken this quiz